000 01685nam a2200241Ia 4500
008 260220t1972||||xx |||||||||||||| ||spa||
040 _aPY-SlUNAC
_bspa
_erda
041 _aspa
082 _a823
_bB661ca
100 _aBlyton, Enid
_eAutor
245 0 _aLa casa de las tejas rojas /
_cpor Enid Blyton [Autor]
264 _aBarcelona :
_bMolino,
_c℗1972.
300 _a1 volumen
520 _a"La casa de las tejas rojas" de Enid Blyton narra la historia de un grupo de niños que, al descubrir una misteriosa casa abandonada, se embarcan en una emocionante aventura. La trama se centra en la curiosidad y el espíritu de investigación de los protagonistas, quienes, al explorar la casa, se enfrentan a diversos enigmas y situaciones intrigantes. A medida que desentrañan los secretos de la vivienda, los niños no solo aprenden sobre el valor de la amistad y la lealtad, sino que también desarrollan habilidades de resolución de problemas y trabajo en equipo. Blyton utiliza un lenguaje accesible y una narrativa ágil que atrapa la atención de los jóvenes lectores, promoviendo la imaginación y la curiosidad. La obra destaca por su capacidad para mezclar elementos de misterio con enseñanzas sobre la camaradería, convirtiéndose en un clásico de la literatura infantil que sigue resonando en las nuevas generaciones. Así, "La casa de las tejas rojas" se erige como un relato cautivador y educativo.
653 _aCuentos para niños
653 _aFicción
653 _aLiteratura infantil
942 _b2026/02/17
_cBK
999 _c9030
_d9030